000
00308nam a2200121Ia 4500
008
191201s2009 xx 000 0 und d
100
_a
AGRAWAL, Rajneesh
245
0
_a
Computer networks and intenet MBA 2.42 DE SEM-4
260
_a
N. delhi
_b
Vikas Pub
_c
2009
300
_a
287
650
_a
MBA
942
_2
ddc
_c
BK
999
_c
250
_d
250